[Event "Fortaleza Cearense Cup"]
[Site "Fortaleza"]
[Date "2015.12.12"]
[Round "4"]
[White "De Aguiar, Andre Wescley"]
[Black "Chaves, Alison Dias"]
[Result "1/2-1/2"]
[WhiteElo "1628"]
[BlackElo "1745"]
[PlyCount "73"]
[EventDate "2015.12.10"]
[EventType "swiss"]
[EventRounds "6"]
[EventCountry "BRA"]
[SourceTitle "EXT 2017"]
[Source "ChessBase"]
[SourceDate "2016.10.25"]
[SourceVersion "1"]
[SourceVersionDate "2016.10.25"]
[SourceQuality "1"]

1. d4 Nf6 2. Nf3 g6 3. c4 Bg7 4. Nc3 d5 5. Bf4 dxc4 6. Qa4+ Nc6 7. Ne5 0-0 8. Nxc6 bxc6 9. Qxc6 Be6 10. Qxc7 Qxc7 11. Bxc7 Nd5 12. Nxd5 Bxd5 13. e3 Rfc8 14. Ba5 e5 15. Bc3 exd4 16. Bxd4 Bxd4 17. exd4 Rab8 18. 0-0-0 Rb6 19. Rd2 c3 20. bxc3 Rxc3+ 21. Rc2 Rxc2+ 22. Kxc2 Bxa2 23. Be2 Rc6+ 24. Kb2 Bc4 25. Bxc4 Rxc4 26. Rd1 Kf8 27. Kb3 Rc6 28. Rd2 Rb6+ 29. Kc4 Ke7 30. Kc5 Kd7 31. d5 Ra6 32. Rb2 Ra5+ 33. Kc4 Kd6 34. Rb7 Rxd5 35. Rxa7 Rf5 36. f3 Ke5 37. Ra5+ 1/2-1/2